Gargantúa /

Guardado en:
Autor Principal: Rabelais, Francois
Formato: Libro
Publicado: Paris : Hachette, 1978
Etiquetas: Agregar Etiqueta
Sin Etiquetas, Sea el primero en etiquetar este registro!
LEADER 00372nam a22001455a 4500
001 CEM.cems005261
005 20060220000000.0
008 130507s1978##################000#0#####d
003 CEMS
082 0 4 |a 843 
100 1 |a Rabelais, Francois 
245 1 0 |a Gargantúa / 
260 |a Paris :  |b Hachette,  |c 1978 
300 |a 80 p.1 
859 |a CEMS  |b BIB. CEMS - 11 de abril  |h 843  |i R112  |p 7743.80  |t Ej.1